000 01129nam a2200241 i 4500
001 163414
003 ES-MaACL
005 20230906212732.0
008 990528s1891 mx |||| | spa d
040 _aCCPB | B
_bspa
_cCCPB | B
080 _a(72)
080 _a811.823.7'36
100 1 _aReyes, Gaspar de los.
_9131756
245 1 0 _aGramática de las lenguas zapoteca-serrana y zapoteca del valle /
_cpor Gaspar de los Reyes ; mandada imprimir por ... Gregorio Chávez, Gobernador Constitucional ... de Oaxaca y ... Agustín Canseco, Secretario del Gobierno ... ; dirigida la impresión por ... Francisco Belmar.
260 _aOaxaca :
_b[s.n.],
_c1891 (
_fImp. del Estado, a cargo de Ignacio Candiani)
300 _a100 [i.e. 104] p. ;
_c22 cm.
530 _aDisponible en formato digital.
597 _aError de pag.: pasa de p. 104 a p. 101.
650 4 _aLengua zapoteca-
_xGramática.
_9136375
700 1 _aBelmar, Francisco.
_9125903
852 _aES-MaACL
_jG-2662(1)
_z-- Enc. hol.
_z.- Enc. en un vol. facticio
856 _uhttp://bdh-rd.bne.es/viewer.vm?id=0000121410&page=1
_zBiblioteca Digital Hispánica
999 _c163414
_d163414